00781nam a2200229Ia 45000010006000000050017000060070003000230080041000260400025000670410008000920820018001001100045001182450109001632500014002722600051002863000027003376530013003646530017003779420012003949520128004069990017005343594120240114001837.0ta070403s1909 a g b000 u 465 u aCotton College,Assam a465 a614bB 777 Se aBritish Medical Association .c(London ) 0aSecret Remedies: What they Cost and What they Contain /cBritish Medical Association.hTextual Documents a1st ed. / aLondon :bBritish Medical Association ,c1909. a193p. :bill ;c22cm . aDiseases aG-Technology 2ddccBK 001040708Circulation (G)aSKBLbSKBLd2012-02-01f00000l0o614 B 777 Sep177.68r2024-01-14 00:00:00t1w2012-02-01yBK c35923d35923